000 00401nam a2200169Ia 4500
005 20250423100256.0
008 250422s9999 xx 000 0 und d
020 _a9781490507029
050 _aKD 601.S5/
100 _aShittu AbdurRaheem .a
245 0 _aMuslim Prayers For Everyday success.
260 _aIbadan
260 _bAL-FURQAAN PUB
260 _c2013
300 _a553 p
942 _cBK
999 _c32810
_d32810